Central Library OPAC University of Rajshahi

Before and after : (Record no. 63104)

MARC details
000 -LEADER
fixed length control field 00953nam a2200289 a 4500
001 - CONTROL NUMBER
control field 63104
003 - CONTROL NUMBER IDENTIFIER
rucl marc code BD-RjUL
005 - DATE AND TIME OF LATEST TRANSACTION
control field 20211209081147.0
008 - FIXED-LENGTH DATA ELEMENTS--GENERAL INFORMATION
fixed length control field 170128s1986 nyu b 001 0 eng
020 ## - INTERNATIONAL STANDARD BOOK NUMBER
International Standard Book Number 0394339630
035 ## - SYSTEM CONTROL NUMBER
System control number (BD-RjUL)63232
040 ## - CATALOGING SOURCE
Original cataloging agency DLC
Transcribing agency DLC
Modifying agency BD-RjUL
Language of cataloging eng
041 ## - LANGUAGE CODE
Language code of text/sound track or separate title eng
082 00 - DEWEY DECIMAL CLASSIFICATION NUMBER
Classification number 808.0427
Edition number 23
Author mark and year BEF 1986
245 00 - TITLE STATEMENT
Title Before and after :
Remainder of title the shape and shaping of prose /
Statement of responsibility, etc. edited by Donald L. Emblen and Arnold Solkov.
250 ## - EDITION STATEMENT
Edition statement 1st ed.
260 ## - PUBLICATION, DISTRIBUTION, ETC. (IMPRINT)
Place of publication, distribution, etc. New York :
Name of publisher, distributor, etc. Random House,
Date of publication, distribution, etc. c1986.
300 ## - PHYSICAL DESCRIPTION
Pagination xxx, 572 p. ;
Size 23 cm.
504 ## - BIBLIOGRAPHY, ETC. NOTE
Bibliography, etc Includes index and bibliography
650 #0 - SUBJECT ADDED ENTRY--TOPICAL TERM
Topical term or geographic name as entry element College readers.
9 (RLIN) 178377
Topical term or geographic name as entry element English language
General subdivision Rhetoric
Form subdivision Problems, exercises, etc.
9 (RLIN) 182560
Topical term or geographic name as entry element Report writing
Form subdivision Problems, exercises, etc.
9 (RLIN) 187758
700 1# - ADDED ENTRY--PERSONAL NAME
Personal name Emblen, D. L.
Fuller form of name (Donald Lewis),
Dates associated with a name 1918-
Personal name Solkov, Arnold.
942 ## - ADDED ENTRY ELEMENTS (KOHA)
Source of classification or shelving scheme Dewey Decimal Classification
Koha item type Books
Holdings
Lost status Source of classification or shelving scheme Damaged status Not for loan Collection code Permanent Location Current Location Shelving location Date acquired Source of acquisition Total Checkouts Full call number Date last seen Copy number Koha item type
  Dewey Decimal Classification   Not For Loan Non-fiction Central Library, University of Rajshahi Central Library, University of Rajshahi Reading Room 16/11/1988 Asia foundation   808.0427 BEF 1986 28/01/2017 C-1 Books